| 000 | 01324nam a22003737a 4500 | ||
|---|---|---|---|
| 001 | 344 | ||
| 003 | FISKH | ||
| 005 | 20230411141407.0 | ||
| 008 | 230328b cb ||||| |||| 00| 0 eng d | ||
| 020 | _a9780545552301 | ||
| 040 |
_aDLC _cDLC _dDLC _dFISKH _beng |
||
| 042 |
_alcac _apcc |
||
| 050 | 0 | 0 |
_aPZ7.L57842 _bLio 2012 |
| 082 | 0 | 0 |
_a813.6 _223 |
| 100 | 1 |
_aLevine, Kristin _q(Kristin Sims), _d1974- |
|
| 245 | 1 | 4 |
_aThe lions of Little Rock / _cKristin Levine. |
| 260 |
_aNew York : _bScholastic. _c2012. |
||
| 300 |
_a298 pages ; _c20 cm. |
||
| 505 | _aM | ||
| 520 | _aIn 1958 Little Rock, Arkansas, painfully shy twelve-year-old Marlee sees her city and family divided over school integration, but her friendship with Liz, a new student, helps her find her voice and fight against racism. | ||
| 521 | 8 |
_a630
_bLexile |
|
| 521 | 8 |
_aM
_bRaz-Plus |
|
| 650 | 1 |
_aSchool integration _vFiction. |
|
| 650 | 1 |
_aRace relations _vFiction. |
|
| 650 | 1 |
_aBashfulness _vFiction. |
|
| 650 | 1 |
_aFriendship _vFiction. |
|
| 650 | 1 |
_aMiddle schools _vFiction. |
|
| 650 | 1 |
_aSchools _vFiction. |
|
| 650 | 1 |
_aAfrican Americans _vFiction. |
|
| 650 | 1 |
_aFamily life _zArkansas _vFiction. |
|
| 651 | 1 |
_aLittle Rock (Ark.) _xHistory _y20th century _vFiction. |
|
| 906 |
_a7 _bcbc _corignew _d1 _eecip _f20 _gy-gencatlg |
||
| 942 |
_2ddc _cBK _n0 |
||
| 999 |
_c344 _d344 |
||